000 00422nam a2200181Ia 4500
001 5032
005 20260306145838.0
008 260306t2007||||xx |||||||||||||| ||spa||
041 _aESP
082 _a332.673
_bB77
100 _aBouchet, Michel Henry
_eAUT
245 0 _aEl riesgo-paĆ­s:
_bun enfoque latinoamericano
260 _c2007
300 _a
_c
650 _aGEN
654 _aCAN
942 _cLIB
_dJUS
_fJUS
_2ddc
_n
999 _c5032
_d5032